District Seats of New Zealand - Statistics

General Stats
  • This quiz has been taken 129 times
  • The average score is 46 of 67
Answers on the Map
Answers color-coded by a green-red scale on the quiz's map according to % correct below.
 
Answer Stats
Region District Answer % Correct
Unitary Authority Auckland Auckland
98%
Canterbury Christchurch Christchurch
98%
Wellington Wellington Wellington
94%
Southland Southland Invercargill
93%
Southland Invercargill Invercargill
93%
Unitary Authority Gisborne Gisborne
91%
Waikato Hamilton Hamilton
91%
Unitary Authority Nelson Nelson
91%
Otago Dunedin Dunedin
89%
Bay of Plenty Tauranga Tauranga
89%
Hawke's Bay Napier Napier
87%
Manawatū-Whanganui Palmerston North Palmerston North
87%
Otago Queenstown-Lakes Queenstown
87%
Bay of Plenty Rotorua Rotorua
87%
Northland Whangārei Whangārei
85%
Wellington Lower Hutt Lower Hutt
83%
Hawke's Bay Hastings Hastings
81%
Taranaki New Plymouth New Plymouth
81%
Waikato Taupō Taupō
81%
Wellington Upper Hutt Upper Hutt
81%
Unitary Authority Marlborough Blenheim
80%
Wellington Porirua Porirua
80%
West Coast Grey Greymouth
76%
Southland Gore Gore
74%
Waikato Thames-Coromandel Thames
74%
Bay of Plenty Whakatāne Whakatāne
74%
Taranaki Stratford Stratford
72%
Canterbury Ashburton Ashburton
70%
Wellington Masterton Masterton
70%
Canterbury Timaru Timaru
70%
Unitary Authority Chatham Islands Waitangi
70%
Manawatū-Whanganui Whanganui Whanganui
70%
Wellington Carterton Carterton
67%
Northland Kaipara Dargaville
67%
Canterbury Kaikōura Kaikōura
67%
Otago Waitaki Oamaru
67%
Bay of Plenty Ōpōtiki Ōpōtiki
67%
Unitary Authority Tasman Richmond
67%
West Coast Buller Westport
67%
West Coast Westland Hokitika
65%
Bay of Plenty Kawerau Kawerau
65%
Hawke's Bay Wairoa Wairoa
65%
Otago Central Otago Alexandra
63%
Manawatū-Whanganui Horowhenua Levin
61%
Waikato Ōtorohanga Ōtorohanga
61%
Otago Clutha Balclutha
59%
Waikato Hauraki Paeroa
59%
Manawatū-Whanganui Tararua Dannevirke
57%
Northland Far North Kaikohe
57%
Wellington Kāpiti Coast Paraparaumu
57%
Canterbury Waimakariri Rangiora
56%
Waikato Waitomo Te Kuiti
56%
Manawatū-Whanganui Manawatu Feilding
54%
Taranaki South Taranaki Hāwera
54%
Canterbury Selwyn Rolleston
54%
Waikato South Waikato Tokoroa
54%
Waikato Waikato Ngāruawāhia
52%
Waikato Waipa Te Awamutu
52%
Canterbury Waimate Waimate
52%
Manawatū-Whanganui Ruapehu Taumarunui
50%
Waikato Matamata-Piako Te Aroha
50%
Wellington South Wairarapa Martinborough
44%
Manawatū-Whanganui Rangitikei Marton
44%
Canterbury Mackenzie Fairlie
39%
Canterbury Hurunui Amberley
37%
Bay of Plenty Western Bay of Plenty Greerton
37%
Hawke's Bay Central Hawkes Bay Waipawa
35%
No matching quizzes found
Score Distribution
Percent of People with Each Score
Percentile by Number Answered
Your Score History
You have not taken this quiz